عرض عادي
عرض مارك
- Beason, Larry
مدخل إسم شخص
001 - رقم الضبط
- حقل الضبط: 45097
003 - معرف رقم الضبط
- حقل الضبط: OSt
005 - تاريخ ووقت أخر عملية
- حقل الضبط: 20140515092601.0
008 - عناصر بيانات ثابتة الطول
- حقل تحكم ثابت الطول: 140515|||a|||||| | ||| d
040 ## - مصدر الفهرسة
- هيئة الفهرسة الأصلية: OSt
- وكالة الكتابة: OSt
100 ## - مدخل -- أسم شخص
- إسم شخص: Beason, Larry
670 ## - بيانات المصدر موجوده
- الاستشهاد بالمصدر: Work cat.: (OSt): Lester, Mark 45095, The McGraw-Hill handbook of English grammar and usage /, 2013
